| 000 | 00760cam a2200253 i 4500 | ||
|---|---|---|---|
| 003 | OSt | ||
| 005 | 20260428155556.0 | ||
| 008 | 140228s2014 nju b 001 0beng | ||
| 020 |
_a9780691143774 _qhardback |
||
| 040 | _cHDL | ||
| 041 | _aeng | ||
| 082 | 0 | 0 | _a181.45 Q4 |
| 100 | 1 |
_aWhite, David Gordon, _91235905 |
|
| 245 | 1 | 0 |
_aThe Yoga Sutra of Patanjali : _ba biography / _cDavid Gordon White. |
| 264 | 1 |
_aPrinceton : _bPrinceton University Press, _c2014. |
|
| 300 | _axvii, 273 pages | ||
| 490 | 0 | _aLives of Great Religious Books | |
| 600 | 0 | 0 |
_aPatañjali. _tYogasūtra. _91235906 |
| 650 | 0 |
_aYoga _xHistoriography. _91235907 |
|
| 650 | 0 |
_aHinduism _xHistoriography. _91235908 |
|
| 651 | _aIndia | ||
| 942 |
_2CC _cTEXL _n0 |
||
| 999 |
_c1848607 _d1848607 |
||